Basic Knowledge Mash-Up - Two Minute Sprint - Statistics

General Stats
  • This quiz has been taken 3,113 times
  • The average score is 77 of 96
Answer Stats
% Correct
A
99%
E
99%
B
98%
C
98%
D
98%
F
98%
I
98%
I
98%
N
98%
O
98%
R
98%
G
97%
J
97%
M
97%
P
97%
S
97%
T
97%
U
97%
H
96%
K
96%
L
96%
Q
96%
V
96%
V
96%
W
96%
Y
95%
X
94%
X
94%
Z
94%
1
90%
2
90%
3
90%
4
90%
5
90%
6
90%
8
90%
10
89%
7
89%
9
89%
Asia
81%
January
81%
Earth
79%
North America
79%
VI
79%
Europe
78%
June
78%
March
78%
Red
78%
South America
78%
Africa
77%
April
77%
July
77%
Mars
77%
May
77%
Blue
76%
II
76%
August
75%
February
75%
III
75%
Yellow
75%
Green
74%
IV
74%
Jupiter
73%
Oceania
73%
Venus
73%
Monday
72%
Orange
72%
Saturn
72%
September
72%
VII
72%
Violet
72%
October
71%
VIII
71%
Mercury
70%
November
70%
Uranus
70%
December
69%
Tuesday
69%
Fall
68%
Summer
68%
Winter
68%
Pacific
67%
Spring
67%
IX
66%
Neptune
66%
Wednesday
66%
Atlantic
64%
Friday
64%
Sunday
64%
Thursday
64%
Saturday
63%
Antarctica
60%
Indian
59%
Indigo
58%
Arctic
46%
Southern
33%
No matching quizzes found
Score Distribution
Percent of People with Each Score
Percentile by Number Answered
Your Score History
You have not taken this quiz